000 00451nam a2200181Ia 4500
001 25084
005 20260414151126.0
008 260414t2004||||xx |||||||||||||| ||spa||
041 _aESP
082 _a346.2
_bD59 2004 T. 2
100 _aColin, Ambroise
_eAUT
245 0 _aDerecho civil :
_bsucesiones y transmisiones a título gratuito
260 _c2004
300 _a
_c28 cm.
650 _aDER
654 _aCDE
942 _cLIB
_dJUS
_fJUS
_2ddc
_n
999 _c25084
_d25084